Chambers synonyms and antonyms /

Bibliographic Details
Uniform Title:Chambers dictionary of synonyms and antonyms.
Other Authors: Manser, Martin H.
Format: Book
Language:English
Published: Edinburgh : Chambers, 2004.
Subjects:

MARC

Tag First Indicator Second Indicator Subfields
LEADER 00000cam a2200000Ia 4500
001 in00001854313
005 20151026082306.0
008 040302r20041990stk d 000 0 eng d
020 |a 0550100881 
035 |a (OCoLC)ocm54544707 
040 |a EQO  |c EQO  |d OCLCQ  |d BRL  |d TXA  |d UtOrBLW 
049 |a TXAM 
090 |a PE1591  |b .C43 2004 
130 0 |a Chambers dictionary of synonyms and antonyms. 
245 1 0 |a Chambers synonyms and antonyms /  |c edited by Martin H. Manser. 
246 3 0 |a Synonyms and antonyms 
264 1 |a Edinburgh :  |b Chambers,  |c 2004. 
300 |a vii, 422 pages ;  |c 20 cm. 
336 |a text  |b txt  |2 rdacontent 
337 |a unmediated  |b n  |2 rdamedia 
338 |a volume  |b nc  |2 rdacarrier 
500 |a Originally published: Edinburgh : Chambers, 1990 under the title "Chambers dictionary of synonyms and antonyms." 
500 |a Cover has sub-title: "The essential vocabulary builder." 
650 0 |a English language  |x Synonyms and antonyms  |v Dictionaries. 
700 1 |a Manser, Martin H. 
948 |a cataloged  |b h  |c 2004/8/3  |d c  |e jgreene  |f 3:39:21 pm 
994 |a E0  |b TXA 
999 |a MARS 
999 f f |s d88460c0-2988-333f-b0c8-8e4447ebf628  |i 54d58917-94c1-385b-b093-ebc2e5523e08  |t 0 
952 f f |p ric  |a Texas A&M University  |b Rellis Campus  |c Joint Library Facility  |s JLF  |d Remote Storage  |t 0  |e PE1591 .C43 2004  |h Library of Congress classification  |i unmediated -- volume  |m A14831262200 
998 f f |a PE1591 .C43 2004  |t 0  |l Remote Storage